000 00589nam a2200157Ia 4500
008 150610s9999 xx 000 0 und d
020 _a9788172451202
050 _aQ164
_b.V45 1994  
100 _aVecchione, Glen.
245 _a100 amazing make-it-yourself science fair  projects /
_cGlen Vecchione.
260 _aNew Delhi :
_bGoodwill Publishing House, 
_c1994.
300 _a224pages :
_billustrations ;
_c25 cm.
504 _aReprint. Originally published: New York : Sterling Publishing, [1994].
520 _aScience projects.
650 _aExperiments -- Methodology
_xScience.
999 _c288230
_d288230